| 000 | 00987nam a2200253Ia 4500 | ||
|---|---|---|---|
| 003 | OSt | ||
| 005 | 20220923223717.0 | ||
| 006 | a|||||r|||| 00| 0 | ||
| 007 | ta | ||
| 008 | 220922b |||||||| |||| 00| 0 hin d | ||
| 024 | _a220,598 | ||
| 037 | _cTextual | ||
| 040 |
_aARTS _cARTS _bhin |
||
| 041 |
_2hin _ahin |
||
| 082 | _aO152v243, N9 | ||
| 100 | _aबेदी, हरमहेन्द्र सिंह | ||
| 245 | 0 | _aगुरु गोबिन्दंिसंह और पंजाब का हिन्दी वीर साहित्य | |
| 246 | _aGuru gobindanisanha aur panjāb kā hindī vīr sāhitya | ||
| 260 |
_aेेेेेदिल्ली _b निर्मल पब्लिकेशन्स् _c1999 |
||
| 300 |
_a174पृ. _ccm. |
||
| 650 |
_aहिन्दी साहित्य _9156264 |
||
| 942 |
_hO152v243, N9 _cTEXL _2CC |
||
| 999 |
_c366894 _d366894 |
||